000 01999cam a2200433 a 4500
999 _c529635
_d529635
001 2053588
003 NUST
005 20190930113846.0
008 931026s1994 dcu b 000 0 eng d
010 _a 93061549
020 _z309053196
035 _a(OCoLC)30602247
038 _aMSOHAIL
040 _aWU
_cWU
_dCU-IT
_dDLC
042 _alccopycat
043 _an-us---
050 0 0 _aTE180
_b.H27 1994
082 0 0 _a625.76
_220
100 1 _aHancher, Donn E.
_922015
245 1 0 _aUse of warranties in road construction /
_cDonn E. Hancher.
260 _aWashington, D.C. :
_bNational Academy Press,
_c[1994]
300 _a60 p. ;
_c28 cm.
490 1 _aNational Cooperative Highway Research Program Synthesis of highway practice,
_x0547-5570 ;
_v195
500 _aPrepared by the University of Kentucky Dept. of Civil Engineering for the Transportation Research Board, National Research Council under the sponsorship of the American Association of State Highway and Transportation Officials in Cooperation with the Federal Highway Administration.
504 _aIncludes bibliographical references (p. 22)
650 0 _aRoad construction contracts
_zUnited States.
_921458
650 0 _aConstruction industry
_zUnited States
_xQuality control.
_922016
650 0 _aRoads
_zUnited States
_xDesign and construction.
_919649
650 0 _aWarranty.
_922017
710 2 _aNational Research Council (U.S.).
_bTransportation Research Board.
_919676
710 2 _aAmerican Association of State Highway and Transportation Officials.
_919553
710 2 _aNational Cooperative Highway Research Board.
_922018
710 2 _aUniversity of Kentucky.
_bDepartment of Civil Engineering.
_922019
830 0 _aSynthesis of highway practice ;
_v195.
_922020
906 _a7
_bcbc
_ccopycat
_d2
_eopcn
_f19
_gy-gencatlg
942 _2ddc
_cBK